000 00730nam a2200205Ii 4500
003 JO-AjNU
008 230605s9999||||xx |||||||||||||| ||und||
017 _a1991/365
040 _aJO-AjNU
_bara
_erda
_cJO-AjNU
041 _aara
050 1 4 _aDS38.14.H3258 1991
100 3 _aتاليف حبوش، طاهر جليل,
_eauthor
_941046
245 0 0 _aاوائل العرب عبر العصور والحقب: العصر الاموي، الجزء الثالث
264 3 1 _aد.ن، 1991
300 _aج3، 301ص
_bفهارس من ص (269-290)
336 _atext
_btxt
_2rdacontent
337 _aunmediated
_bn
_2rdamedia
338 _avolume
_bnc
_2rdacarrier
650 4 _aالعرب - العصر الاموي -تاريخ
_941047
999 _aA17468
_c21036
_d21036